KISS (band) It And Make It Better - Statistics

General Stats
  • This quiz has been taken 3 times
  • The average score is 2 of 16
Answer Stats
Hint Answer % Correct
You're this when caught in a severe blizzard snOW blind
100%
Was this KISS' attempt at rewriting the Beatle's 'Yesterday'? Of course not. tomorrOW
67%
When chasing and trapping someone into a corner, that someone has this nOWhere to run
33%
A backwards reference to the near future tomorrOW and tonight
33%
Gene's longest song title from his 1978 solo album always near you/nOWhere to hide
0%
A Beatle's song title from 1970, but with a 'You' added don't you let me dOWn
0%
If you're really tall, you might be asked to get this for a photo to be taken dOWn on your knees
0%
A bonus track on the 'Love Gun' album deluxe edition i knOW who you are
0%
This was Paul's first song (renamed) he sang for Gene let me knOW
0%
Something you might say when standing atop the Grand Canyon or Empire State Building long way dOWn
0%
Specific about a place and time right here right nOW
0%
This song was represented by a promo video back before MTV was a thing sure knOW something
0%
This song title begins with the title of a great Paul song left off of the Alive II album take me dOWn belOW
0%
A roof stands no chance of remaining intact when your walls come dOWn
0%
Yet another questionable song title by Paul... without proper puncuation wouldn't you like to knOW me
0%
It's surprising to hear Gene admit this (yes i knOW) nobody's perfect
0%
No matching quizzes found
Score Distribution
Percent of People with Each Score
Percentile by Number Answered
Your Score History
You have not taken this quiz